| 000 | 00338nam a2200133Ia 4500 | ||
|---|---|---|---|
| 008 | 221216s9999||||xx |||||||||||||| ||und|| | ||
| 020 | _a0-07-287425-2 | ||
| 040 | _cChuka University Library | ||
| 050 |
_aHF 5549 _b.R84 2004 |
||
| 100 |
_aRue, Leslie.W _92248 |
||
| 245 | 0 | _aSupervision | |
| 260 |
_aMcGraw Hill _bBoston _c2004 |
||
| 942 | _cBK | ||
| 999 |
_c3091 _d3091 |
||